[Event "DEM U14 2025"]
[Site "Willingen GER"]
[Date "2025.06.11"]
[Round "6"]
[White "Schulz, Robin"]
[Black "Park, Manuel"]
[Result "1/2-1/2"]
[Termination "normal"]
[Board "18"]
[WhiteElo "1939"]
[BlackElo "1828"]
[WhiteClock "00:20:08"]
[BlackClock "01:27:12"]
[PlyCount "114"]
[WhiteFideId "34641912"]
[BlackFideId "34629114"]
[EventCountry "GER"]
[EventRounds "9"]
[EventType "swiss"]
[EventDate "2025.06.07"]

1. d4 {[%clk 01:30:41]} {[%emt 00:00:18]} Nf6 {[%clk 01:30:51]} {[%emt
00:00:08]} 2. Nf3 {[%clk 01:31:05]} {[%emt 00:00:06]} c6 {[%clk 01:31:13]}
{[%emt 00:00:08]} 3. c3 {[%clk 01:30:56]} {[%emt 00:00:40]} d5 {[%clk
01:31:26]} {[%emt 00:00:17]} 4. Bf4 {[%clk 01:31:19]} {[%emt 00:00:06]} Bf5
{[%clk 01:31:46]} {[%emt 00:00:09]} 5. Qb3 {[%clk 01:31:41]} {[%emt 00:00:10]}
Qb6 {[%clk 01:31:31]} {[%emt 00:00:44]} 6. Qxb6 {[%clk 01:27:59]} {[%emt
00:04:12]} axb6 {[%clk 01:31:50]} {[%emt 00:00:11]} 7. Nbd2 {[%clk 01:28:20]}
{[%emt 00:00:09]} Nbd7 {[%clk 01:32:00]} {[%emt 00:00:19]} 8. e3 {[%emt
00:01:31]} Nh5 {[%clk 01:31:36]} 9. Bg3 {[%clk 01:26:42]} {[%emt 00:02:01]}
Nxg3 {[%clk 01:31:44]} {[%emt 00:00:22]} 10. hxg3 {[%clk 01:27:08]} {[%emt
00:00:04]} h6 {[%clk 01:32:01]} {[%emt 00:00:13]} 11. c4 {[%clk 01:24:51]}
{[%emt 00:02:48]} e6 {[%clk 01:32:02]} {[%emt 00:00:29]} 12. Be2 {[%clk
01:18:33]} {[%emt 00:06:48]} Be7 {[%clk 01:31:54]} {[%emt 00:00:36]} 13. a3
{[%clk 01:14:29]} {[%emt 00:04:35]} O-O {[%clk 01:29:16]} {[%emt 00:03:07]} 14.
Nh4 {[%clk 01:14:26]} {[%emt 00:00:34]} Bh7 {[%clk 01:29:33]} {[%emt 00:00:12]}
15. f4 {[%clk 01:14:31]} {[%emt 00:00:26]} Nf6 {[%clk 01:28:05]} {[%emt
00:01:57]} 16. cxd5 {[%clk 01:09:03]} {[%emt 00:05:59]} exd5 {[%clk 01:28:27]}
{[%emt 00:00:08]} 17. Rd1 {[%clk 01:07:53]} {[%emt 00:01:39]} Rfe8 {[%clk
01:27:10]} {[%emt 00:01:47]} 18. Kf2 {[%clk 01:05:55]} {[%emt 00:02:28]} b5
{[%clk 01:26:40]} {[%emt 00:01:01]} 19. Ra1 {[%clk 00:51:09]} {[%emt 00:15:16]}
Bd6 {[%clk 01:23:59]} {[%emt 00:03:09]} 20. g4 {[%clk 00:49:59]} {[%emt
00:01:41]} Ne4+ {[%clk 01:23:22]} {[%emt 00:01:07]} 21. Nxe4 {[%clk 00:50:19]}
{[%emt 00:00:11]} Bxe4 {[%clk 01:23:32]} {[%emt 00:00:19]} 22. Nf5 {[%clk
00:49:46]} {[%emt 00:01:03]} Bxf5 {[%clk 01:20:31]} {[%emt 00:03:31]} 23. gxf5
{[%clk 00:48:34]} {[%emt 00:01:42]} Ra7 {[%clk 01:20:24]} {[%emt 00:00:36]} 24.
f6 {[%clk 00:40:40]} {[%emt 00:08:25]} Rea8 {[%clk 01:20:09]} {[%emt 00:00:45]}
25. fxg7 {[%clk 00:40:24]} {[%emt 00:00:46]} Kxg7 {[%clk 01:20:37]} {[%emt
00:00:01]} 26. Bd1 {[%clk 00:33:38]} {[%emt 00:07:16]} b6 {[%clk 01:17:13]}
{[%emt 00:03:54]} 27. Rh5 {[%clk 00:32:38]} {[%emt 00:01:31]} Rb8 {[%clk
01:13:27]} {[%emt 00:04:16]} 28. Rc1 {[%clk 00:30:31]} {[%emt 00:02:37]} Rc7
{[%clk 01:13:33]} {[%emt 00:00:24]} 29. Bb3 {[%clk 00:29:47]} {[%emt 00:01:15]}
Kg6 {[%clk 01:05:22]} {[%emt 00:08:37]} 30. g4 {[%clk 00:27:25]} {[%emt
00:02:55]} Bf8 {[%clk 01:05:00]} {[%emt 00:00:52]} 31. Bxd5 {[%clk 00:26:42]}
{[%emt 00:01:14]} Rbc8 {[%clk 01:04:57]} {[%emt 00:00:31]} 32. Be4+ {[%clk
00:26:34]} {[%emt 00:00:39]} Kf6 {[%clk 01:05:08]} {[%emt 00:00:18]} 33. Kf3
{[%clk 00:17:05]} {[%emt 00:10:01]} Bg7 {[%clk 01:02:56]} {[%emt 00:02:39]} 34.
Bd3 {[%clk 00:13:37]} {[%emt 00:03:59]} Ke7 {[%clk 01:02:24]} {[%emt 00:01:01]}
35. Rh2 {[%clk 00:12:25]} {[%emt 00:01:43]} Kd6 {[%clk 00:59:06]} {[%emt
00:03:47]} 36. Rhc2 {[%clk 00:12:40]} {[%emt 00:00:16]} c5 {[%clk 00:58:13]}
{[%emt 00:01:24]} 37. dxc5+ {[%clk 00:12:04]} {[%emt 00:01:06]} Rxc5 {[%clk
00:57:35]} {[%emt 00:01:08]} 38. Rxc5 {[%clk 00:10:04]} {[%emt 00:02:30]} Rxc5
{[%clk 00:58:02]} {[%emt 00:00:03]} 39. Rxc5 {[%clk 00:09:53]} {[%emt
00:00:41]} bxc5 {[%clk 00:58:15]} {[%emt 00:00:16]} 40. b3 {[%clk 00:05:43]}
{[%emt 00:04:41]} Bb2 {[%clk 00:57:59]} {[%emt 00:00:45]} 41. Bxb5 {[%clk
00:06:06]} {[%emt 00:00:07]} Bxa3 {[%clk 00:58:21]} {[%emt 00:00:08]} 42. Bc4
{[%clk 00:06:03]} {[%emt 00:00:33]} f6 {[%clk 00:56:24]} {[%emt 00:02:27]} 43.
Ke4 {[%clk 00:05:00]} {[%emt 00:01:32]} Bc1 {[%clk 00:56:48]} {[%emt 00:00:07]}
44. Kf3 {[%clk 00:04:54]} {[%emt 00:00:37]} Bd2 {[%clk 00:56:52]} {[%emt
00:00:26]} 45. e4 {[%clk 00:05:00]} {[%emt 00:00:24]} Bc1 {[%clk 00:57:13]}
{[%emt 00:00:09]} 46. e5+ {[%clk 00:25:13]} {[%emt 00:10:17]} fxe5 {[%clk
01:27:00]} {[%emt 00:00:44]} 47. f5 {[%clk 00:25:38]} {[%emt 00:00:05]} Bg5
{[%clk 01:27:12]} {[%emt 00:00:17]} 48. Ke4 {[%clk 00:25:39]} {[%emt 00:00:30]}
Bf6 {[%clk 01:27:34]} {[%emt 00:00:08]} 49. Be2 {[%clk 00:25:30]} {[%emt
00:00:40]} Bh4 {[%clk 01:27:51]} {[%emt 00:00:13]} 50. Bf3 {[%clk 00:25:52]}
{[%emt 00:00:08]} Bd8 {[%clk 01:27:58]} {[%emt 00:00:22]} 51. Kd3 {[%clk
00:26:18]} {[%emt 00:00:06]} Ba5 {[%clk 01:28:02]} {[%emt 00:00:25]} 52. Kc4
{[%clk 00:25:47]} {[%emt 00:01:02]} Bd8 {[%clk 01:27:50]} {[%emt 00:00:42]} 53.
Kb5 {[%clk 00:25:50]} {[%emt 00:00:27]} Bc7 {[%clk 01:27:19]} {[%emt 00:01:00]}
54. f6 {[%clk 00:23:41]} {[%emt 00:02:40]} Bd8 {[%clk 01:26:32]} {[%emt
00:01:17]} 55. f7 {[%clk 00:23:59]} {[%emt 00:00:12]} Be7 {[%clk 01:27:01]}
{[%emt 00:00:01]} 56. Kc4 {[%clk 00:23:51]} {[%emt 00:00:38]} Bf8 {[%clk
01:26:58]} {[%emt 00:00:32]} 57. Bd5 {[%clk 00:20:08]} {[%emt 00:04:13]} Be7
{[%clk 01:27:12]} {[%emt 00:00:16]} 1/2-1/2

[Event "DEM U14 2025"]
[Site "Willingen GER"]
[Date "2025.06.11"]
[Round "6"]
[White "Lee, Ho In"]
[Black "Wartenberg, Alexander"]
[Result "0-1"]
[Termination "normal"]
[Board "19"]
[WhiteElo "1868"]
[BlackElo "1840"]
[WhiteClock "00:01:42"]
[BlackClock "00:04:37"]
[PlyCount "156"]
[WhiteFideId "34623655"]
[BlackFideId "16280768"]
[EventCountry "GER"]
[EventRounds "9"]
[EventType "swiss"]
[EventDate "2025.06.07"]

1. e4 {[%clk 01:30:57]} {[%emt 00:00:02]} c5 {[%clk 01:30:56]} {[%emt
00:00:04]} 2. Nf3 {[%clk 01:31:19]} {[%emt 00:00:08]} e6 {[%clk 01:31:22]}
{[%emt 00:00:04]} 3. d4 {[%clk 01:31:43]} {[%emt 00:00:07]} cxd4 {[%clk
01:31:46]} {[%emt 00:00:06]} 4. Nxd4 {[%clk 01:32:08]} {[%emt 00:00:05]} Nf6
{[%clk 01:32:13]} {[%emt 00:00:03]} 5. Nc3 {[%clk 01:32:32]} {[%emt 00:00:06]}
Nc6 {[%clk 01:32:40]} {[%emt 00:00:03]} 6. Be2 {[%clk 01:32:55]} {[%emt
00:00:06]} Bb4 {[%clk 01:32:42]} {[%emt 00:00:29]} 7. O-O {[%clk 01:32:53]}
{[%emt 00:00:31]} Bxc3 {[%clk 01:32:48]} {[%emt 00:00:25]} 8. bxc3 {[%clk
01:33:06]} {[%emt 00:00:17]} Nxe4 {[%clk 01:33:08]} {[%emt 00:00:11]} 9. Nxc6
{[%clk 01:32:36]} {[%emt 00:00:59]} dxc6 {[%clk 01:33:31]} {[%emt 00:00:07]}
10. Bd3 {[%clk 01:32:51]} {[%emt 00:00:15]} Nxc3 {[%clk 01:20:44]} {[%emt
00:13:18]} 11. Qg4 {[%clk 01:32:03]} {[%emt 00:01:18]} Qf6 {[%clk 01:12:26]}
{[%emt 00:08:48]} 12. Bg5 {[%clk 01:30:16]} {[%emt 00:02:17]} Qe5 {[%clk
01:12:30]} {[%emt 00:00:25]} 13. Rfe1 {[%clk 01:28:31]} {[%emt 00:02:14]} h5
{[%clk 01:00:20]} {[%emt 00:12:41]} 14. Qh4 {[%clk 01:22:13]} {[%emt 00:06:47]}
Qd6 {[%clk 00:50:36]} {[%emt 00:10:15]} 15. Bf4 {[%clk 01:14:37]} {[%emt
00:08:06]} Qd4 {[%clk 00:46:50]} {[%emt 00:04:15]} 16. Qg5 {[%clk 00:41:16]}
{[%emt 00:33:51]} Qf6 {[%clk 00:45:28]} {[%emt 00:01:53]} 17. Qg3 {[%clk
00:39:46]} {[%emt 00:01:59]} h4 {[%clk 00:31:47]} {[%emt 00:14:11]} 18. Qg4
{[%clk 00:35:44]} {[%emt 00:04:32]} Qd4 {[%clk 00:28:58]} {[%emt 00:03:20]} 19.
Qf3 {[%clk 00:04:28]} {[%emt 00:31:46]} f6 {[%clk 00:22:42]} {[%emt 00:06:46]}
20. Bg6+ {[%clk 00:01:05]} {[%emt 00:03:52]} Ke7 {[%clk 00:22:24]} {[%emt
00:00:48]} 21. a4 {[%clk 00:00:32]} {[%emt 00:01:04]} Nd5 {[%clk 00:19:32]}
{[%emt 00:03:22]} 22. Bc1 {[%clk 00:00:36]} {[%emt 00:00:26]} b6 {[%clk
00:13:40]} {[%emt 00:06:22]} 23. Ra3 {[%clk 00:00:34]} {[%emt 00:00:31]} Ba6
{[%clk 00:09:51]} {[%emt 00:04:19]} 24. Bf5 {[%clk 00:00:31]} {[%emt 00:00:33]}
e5 {[%clk 00:08:17]} {[%emt 00:02:03]} 25. Rd1 {[%clk 00:00:32]} {[%emt
00:00:30]} Qc5 {[%clk 00:06:06]} {[%emt 00:02:40]} 26. Rb3 {[%clk 00:00:33]}
{[%emt 00:00:29]} Kf7 {[%clk 00:04:41]} {[%emt 00:01:55]} 27. Qg4 {[%clk
00:00:32]} {[%emt 00:00:30]} g5 {[%clk 00:04:21]} {[%emt 00:00:50]} 28. Be6+
{[%clk 00:00:36]} {[%emt 00:00:26]} Kg7 {[%clk 00:02:51]} {[%emt 00:02:01]} 29.
Bxg5 {[%clk 00:00:32]} {[%emt 00:00:33]} Qxc2 {[%clk 00:02:04]} {[%emt
00:01:17]} 30. Bc1+ {[%clk 00:00:34]} {[%emt 00:00:27]} Qg6 {[%clk 00:01:32]}
{[%emt 00:01:02]} 31. Qf3 {[%clk 00:00:34]} {[%emt 00:00:31]} e4 {[%clk
00:01:00]} {[%emt 00:01:02]} 32. Qh3 {[%clk 00:00:34]} {[%emt 00:00:28]} Be2
{[%clk 00:00:55]} {[%emt 00:00:36]} 33. Re1 {[%clk 00:00:39]} {[%emt 00:00:25]}
Bc4 {[%clk 00:00:41]} {[%emt 00:00:44]} 34. Ra3 {[%clk 00:00:34]} {[%emt
00:00:36]} Rh5 {[%clk 00:00:36]} {[%emt 00:00:34]} 35. Bg4 {[%clk 00:00:36]}
{[%emt 00:00:28]} Rhh8 {[%clk 00:00:45]} {[%emt 00:00:21]} 36. Bf5 {[%clk
00:00:44]} {[%emt 00:00:23]} Qh5 {[%clk 00:01:03]} {[%emt 00:00:11]} 37. Bd2
{[%clk 00:00:31]} {[%emt 00:00:43]} Rae8 {[%clk 00:01:14]} {[%emt 00:00:19]}
38. Raa1 {[%clk 00:00:32]} {[%emt 00:00:29]} Re5 {[%clk 00:01:09]} {[%emt
00:00:35]} 39. Bxe4 {[%clk 00:00:42]} {[%emt 00:00:20]} Rhe8 {[%clk 00:01:09]}
{[%emt 00:00:31]} 40. Bf3 {[%clk 00:00:33]} {[%emt 00:00:38]} Rxe1+ {[%clk
00:00:57]} {[%emt 00:00:41]} 41. Rxe1 {[%clk 00:30:20]} {[%emt 00:00:43]} Rxe1+
{[%clk 00:29:25]} {[%emt 00:02:03]} 42. Bxe1 {[%clk 00:30:43]} {[%emt
00:00:07]} Qe5 {[%clk 00:28:52]} {[%emt 00:01:03]} 43. Qg4+ {[%clk 00:26:24]}
{[%emt 00:04:49]} Kf8 {[%clk 00:26:57]} {[%emt 00:02:25]} 44. Qc8+ {[%clk
00:16:45]} {[%emt 00:10:09]} Kf7 {[%clk 00:16:56]} {[%emt 00:10:31]} 45. Qd7+
{[%clk 00:12:33]} {[%emt 00:04:41]} Kf8 {[%clk 00:13:32]} {[%emt 00:03:54]} 46.
Qc8+ {[%clk 00:09:51]} {[%emt 00:03:12]} Ke7 {[%clk 00:12:46]} {[%emt
00:01:17]} 47. Qb7+ {[%clk 00:09:54]} {[%emt 00:00:27]} Kd8 {[%clk 00:12:34]}
{[%emt 00:00:41]} 48. Qa8+ {[%clk 00:09:56]} {[%emt 00:00:28]} Ke7 {[%clk
00:07:26]} {[%emt 00:05:39]} 49. Qb7+ {[%clk 00:09:46]} {[%emt 00:00:40]} Kf8
{[%clk 00:07:37]} {[%emt 00:00:19]} 50. Qc8+ {[%clk 00:09:42]} {[%emt
00:00:35]} Qe8 {[%clk 00:07:52]} {[%emt 00:00:15]} 51. Qxe8+ {[%clk 00:08:22]}
{[%emt 00:01:50]} Kxe8 {[%clk 00:08:20]} {[%emt 00:00:01]} 52. Bxd5 {[%clk
00:08:17]} {[%emt 00:00:36]} Bxd5 {[%clk 00:08:38]} {[%emt 00:00:12]} 53. f4
{[%clk 00:07:41]} {[%emt 00:01:06]} h3 {[%clk 00:07:48]} {[%emt 00:01:20]} 54.
gxh3 {[%clk 00:07:28]} {[%emt 00:00:43]} a5 {[%clk 00:07:59]} {[%emt 00:00:20]}
55. Kf2 {[%clk 00:04:38]} {[%emt 00:03:20]} Bb3 {[%clk 00:08:10]} {[%emt
00:00:18]} 56. Ke3 {[%clk 00:04:48]} {[%emt 00:00:19]} Bxa4 {[%clk 00:08:10]}
{[%emt 00:00:31]} 57. Kd4 {[%clk 00:04:57]} {[%emt 00:00:21]} Kd7 {[%clk
00:08:21]} {[%emt 00:00:19]} 58. h4 {[%clk 00:04:31]} {[%emt 00:00:56]} Bd1
{[%clk 00:08:12]} {[%emt 00:00:38]} 59. Kc4 {[%clk 00:03:07]} {[%emt 00:01:54]}
Be2+ {[%clk 00:07:44]} {[%emt 00:00:58]} 60. Kc3 {[%clk 00:02:13]} {[%emt
00:01:24]} Ke6 {[%clk 00:07:30]} {[%emt 00:00:44]} 61. Bf2 {[%clk 00:02:05]}
{[%emt 00:00:39]} b5 {[%clk 00:06:29]} {[%emt 00:01:31]} 62. Bb6 {[%clk
00:01:53]} {[%emt 00:00:41]} a4 {[%clk 00:06:50]} {[%emt 00:00:10]} 63. Kb4
{[%clk 00:01:57]} {[%emt 00:00:25]} Kf5 {[%clk 00:06:36]} {[%emt 00:00:44]} 64.
Bc7 {[%clk 00:01:45]} {[%emt 00:00:42]} Kg4 {[%clk 00:06:13]} {[%emt 00:00:53]}
65. Bd6 {[%clk 00:01:44]} {[%emt 00:00:31]} f5 {[%clk 00:04:54]} {[%emt
00:01:49]} 66. Be5 {[%clk 00:01:26]} {[%emt 00:00:47]} Kxh4 {[%clk 00:05:05]}
{[%emt 00:00:20]} 67. Bd6 {[%clk 00:01:46]} {[%emt 00:00:10]} Kh3 {[%clk
00:05:25]} {[%emt 00:00:10]} 68. Be5 {[%clk 00:01:57]} {[%emt 00:00:19]} Kxh2
{[%clk 00:05:42]} {[%emt 00:00:13]} 69. Bd6 {[%clk 00:02:23]} {[%emt 00:00:04]}
Kg3 {[%clk 00:06:04]} {[%emt 00:00:08]} 70. Be5 {[%clk 00:02:32]} {[%emt
00:00:21]} Kf3 {[%clk 00:06:28]} {[%emt 00:00:06]} 71. Bd6 {[%clk 00:02:47]}
{[%emt 00:00:15]} Ke4 {[%clk 00:05:39]} {[%emt 00:01:20]} 72. Bb8 {[%clk
00:01:43]} {[%emt 00:01:33]} c5+ {[%clk 00:04:09]} {[%emt 00:02:01]} 73. Kxc5
{[%clk 00:01:42]} {[%emt 00:00:31]} a3 {[%clk 00:04:27]} {[%emt 00:00:11]} 74.
Be5 {[%clk 00:01:46]} {[%emt 00:00:26]} a2 {[%clk 00:04:53]} {[%emt 00:00:05]}
75. Kb4 {[%clk 00:01:41]} {[%emt 00:00:35]} a1=Q {[%clk 00:04:58]} {[%emt
00:00:25]} 76. Bxa1 {[%clk 00:02:05]} {[%emt 00:00:06]} Kxf4 {[%clk 00:05:21]}
{[%emt 00:00:06]} 77. Bd4 {[%clk 00:01:21]} {[%emt 00:01:13]} Ke4 {[%clk
00:05:24]} {[%emt 00:00:28]} 78. Bc5 {[%clk 00:01:42]} {[%emt 00:00:09]} Bc4
{[%clk 00:04:37]} {[%emt 00:01:18]} 79. Kc3 {[%clk 00:01:42]} {[%emt 00:00:30]}
f4 {[%clk 00:04:33]} {[%emt 00:00:34]} 80. Kd2 {[%clk 00:01:57]} {[%emt
00:00:15]} Kf3 {[%clk 00:04:43]} {[%emt 00:00:20]} 81. Ke1 {[%clk 00:02:18]}
{[%emt 00:00:09]} Kg2 {[%clk 00:05:01]} {[%emt 00:00:12]} 82. Bd6 {[%clk
00:02:21]} {[%emt 00:00:28]} f3 {[%clk 00:05:23]} {[%emt 00:00:08]} 83. Bc5
{[%clk 00:02:48]} {[%emt 00:00:03]} b4 {[%clk 00:05:37]} {[%emt 00:00:17]} 0-1

[Event "DEM U14 2025"]
[Site "Willingen GER"]
[Date "2025.06.11"]
[Round "6"]
[White "Vakeel, Eshwar"]
[Black "Lanert, Theodor"]
[Result "1/2-1/2"]
[Termination "normal"]
[Board "20"]
[WhiteElo "1720"]
[BlackElo "1793"]
[WhiteClock "00:14:01"]
[BlackClock "00:04:50"]
[PlyCount "70"]
[WhiteFideId "34626514"]
[BlackFideId "34605576"]
[EventCountry "GER"]
[EventRounds "9"]
[EventType "swiss"]
[EventDate "2025.06.07"]

1. d4 {[%clk 01:30:59]} Nf6 {[%clk 01:30:22]} {[%emt 00:00:38]} 2. c4 {[%clk
01:31:27]} {[%emt 00:00:04]} e6 {[%clk 01:28:58]} {[%emt 00:01:53]} 3. Nc3
{[%clk 01:31:51]} {[%emt 00:00:06]} Bb4 {[%clk 01:29:05]} {[%emt 00:00:22]} 4.
Qc2 {[%emt 00:00:16]} O-O {[%clk 01:28:13]} {[%emt 00:01:09]} 5. a3 {[%clk
01:32:37]} {[%emt 00:00:12]} Bxc3+ {[%clk 01:28:22]} {[%emt 00:00:21]} 6. Qxc3
{[%clk 01:33:03]} {[%emt 00:00:05]} d5 {[%clk 01:28:27]} {[%emt 00:00:25]} 7.
Nf3 {[%clk 01:33:02]} {[%emt 00:00:31]} Nbd7 {[%clk 01:25:34]} {[%emt
00:03:23]} 8. Bg5 {[%clk 01:30:15]} {[%emt 00:03:17]} h6 {[%clk 01:23:33]}
{[%emt 00:02:31]} 9. Bh4 {[%clk 01:30:20]} {[%emt 00:00:24]} b6 {[%clk
01:19:45]} {[%emt 00:04:19]} 10. e3 {[%clk 01:28:16]} {[%emt 00:02:33]} c5
{[%clk 01:17:34]} {[%emt 00:02:42]} 11. b3 {[%clk 01:03:59]} {[%emt 00:24:47]}
Bb7 {[%clk 01:13:30]} {[%emt 00:04:34]} 12. Be2 {[%clk 00:56:53]} {[%emt
00:07:35]} Rc8 {[%clk 01:09:12]} {[%emt 00:04:48]} 13. O-O {[%clk 00:51:02]}
{[%emt 00:06:22]} Ne4 {[%clk 01:05:53]} {[%emt 00:03:49]} 14. Qd3 {[%clk
00:45:17]} {[%emt 00:06:15]} g5 {[%clk 01:03:10]} {[%emt 00:03:13]} 15. Bg3
{[%clk 00:45:35]} {[%emt 00:00:13]} Nxg3 {[%clk 01:01:20]} {[%emt 00:02:20]}
16. hxg3 {[%clk 00:45:51]} {[%emt 00:00:14]} f5 {[%clk 01:00:43]} {[%emt
00:01:06]} 17. g4 {[%clk 00:39:55]} {[%emt 00:06:27]} Qf6 {[%clk 00:59:45]}
{[%emt 00:01:26]} 18. gxf5 {[%clk 00:37:44]} {[%emt 00:02:42]} exf5 {[%clk
00:56:55]} {[%emt 00:03:20]} 19. Nd2 {[%clk 00:30:25]} {[%emt 00:07:49]} Rfd8
{[%clk 00:54:49]} {[%emt 00:02:37]} 20. dxc5 {[%emt 00:07:19]} bxc5 {[%clk
00:45:45]} {[%emt 00:09:32]} 21. Qc2 {[%clk 00:21:39]} {[%emt 00:02:28]} Ne5
{[%clk 00:43:53]} {[%emt 00:02:22]} 22. cxd5 {[%clk 00:20:51]} {[%emt
00:01:18]} Bxd5 {[%clk 00:44:15]} {[%emt 00:00:08]} 23. Nc4 {[%clk 00:20:15]}
{[%emt 00:01:07]} Kg7 {[%clk 00:43:27]} {[%emt 00:01:18]} 24. Nxe5 {[%clk
00:19:58]} {[%emt 00:00:47]} Qxe5 {[%clk 00:43:53]} {[%emt 00:00:04]} 25. Bc4
{[%clk 00:20:03]} {[%emt 00:00:25]} Be4 {[%clk 00:42:59]} {[%emt 00:01:24]} 26.
Qe2 {[%clk 00:19:49]} {[%emt 00:00:43]} Rd6 {[%clk 00:40:21]} {[%emt 00:03:10]}
27. Rad1 {[%clk 00:16:42]} {[%emt 00:03:38]} Rcd8 {[%clk 00:38:02]} {[%emt
00:02:48]} 28. Rxd6 {[%clk 00:16:42]} {[%emt 00:00:30]} Qxd6 {[%clk 00:37:12]}
{[%emt 00:01:20]} 29. Qh5 {[%clk 00:15:02]} {[%emt 00:02:10]} Qg6 {[%clk
00:36:12]} {[%emt 00:01:29]} 30. Qe2 {[%clk 00:14:55]} {[%emt 00:00:38]} Qd6
{[%clk 00:34:05]} {[%emt 00:02:37]} 31. Qh5 {[%clk 00:15:10]} {[%emt 00:00:15]}
Qf6 {[%clk 00:33:50]} {[%emt 00:00:45]} 32. Rd1 {[%clk 00:15:21]} {[%emt
00:00:19]} Rxd1+ {[%clk 00:33:13]} {[%emt 00:01:07]} 33. Qxd1 {[%clk 00:15:43]}
{[%emt 00:00:07]} Qe7 {[%clk 00:31:43]} {[%emt 00:02:00]} 34. Qa1+ {[%clk
00:13:36]} {[%emt 00:02:37]} Qf6 {[%clk 00:32:07]} {[%emt 00:00:06]} 35. Qd1
{[%clk 00:14:01]} {[%emt 00:00:05]} Qe7 {[%clk 00:04:50]} 1/2-1/2

[Event "DEM U14 2025"]
[Site "Willingen GER"]
[Date "2025.06.11"]
[Round "6"]
[White "Leonhardt, Max"]
[Black "Meitzner, Johan Eduard"]
[Result "1/2-1/2"]
[Termination "normal"]
[Board "21"]
[WhiteElo "1785"]
[BlackElo "1714"]
[WhiteClock "00:45:35"]
[BlackClock "00:10:24"]
[PlyCount "58"]
[WhiteFideId "34623647"]
[BlackFideId "34623612"]
[EventCountry "GER"]
[EventRounds "9"]
[EventType "swiss"]
[EventDate "2025.06.07"]

1. Nf3 {[%clk 01:30:30]} {[%emt 00:00:28]} c5 {[%clk 01:30:43]} {[%emt
00:00:18]} 2. g3 {[%clk 01:30:46]} {[%emt 00:00:14]} Nc6 {[%clk 01:30:41]}
{[%emt 00:00:33]} 3. c4 {[%clk 01:31:04]} {[%emt 00:00:11]} g6 {[%clk
01:30:56]} {[%emt 00:00:15]} 4. Bg2 {[%clk 01:31:09]} {[%emt 00:00:25]} Bg7
{[%clk 01:31:01]} {[%emt 00:00:26]} 5. e3 {[%clk 01:29:29]} {[%emt 00:02:10]}
e5 {[%clk 01:29:07]} {[%emt 00:02:23]} 6. Nc3 {[%clk 01:29:01]} {[%emt
00:00:58]} Nge7 {[%clk 01:28:54]} {[%emt 00:00:42]} 7. O-O {[%clk 01:27:57]}
{[%emt 00:01:36]} O-O {[%clk 01:27:56]} {[%emt 00:01:28]} 8. a3 {[%clk
01:27:28]} {[%emt 00:00:58]} d6 {[%clk 01:24:13]} {[%emt 00:04:14]} 9. Rb1
{[%clk 01:26:20]} {[%emt 00:01:37]} a5 {[%clk 01:24:29]} {[%emt 00:00:15]} 10.
d3 {[%clk 01:25:04]} {[%emt 00:01:46]} Be6 {[%clk 01:23:59]} {[%emt 00:00:59]}
11. Bd2 {[%clk 01:17:21]} {[%emt 00:08:13]} Rb8 {[%clk 01:20:04]} {[%emt
00:04:26]} 12. Qe2 {[%clk 01:11:31]} {[%emt 00:06:20]} f5 {[%clk 01:06:24]}
{[%emt 00:14:10]} 13. Nb5 {[%clk 01:08:12]} {[%emt 00:03:49]} Qd7 {[%clk
00:54:56]} {[%emt 00:11:58]} 14. Ng5 {[%clk 01:06:17]} {[%emt 00:02:25]} h6
{[%clk 00:48:30]} {[%emt 00:06:56]} 15. Nxe6 {[%clk 01:06:18]} {[%emt
00:00:30]} Qxe6 {[%clk 00:48:51]} {[%emt 00:00:09]} 16. Nc3 {[%clk 01:05:49]}
{[%emt 00:00:59]} Kh7 {[%clk 00:41:33]} {[%emt 00:07:46]} 17. Nd5 {[%clk
01:04:10]} {[%emt 00:02:11]} b6 {[%clk 00:40:35]} {[%emt 00:01:28]} 18. Bc3
{[%clk 01:01:48]} {[%emt 00:02:52]} Qd7 {[%clk 00:37:33]} {[%emt 00:03:31]} 19.
b4 {[%clk 00:56:26]} {[%emt 00:05:54]} axb4 {[%clk 00:35:59]} {[%emt 00:02:04]}
20. axb4 {[%clk 00:54:31]} {[%emt 00:02:24]} Nxd5 {[%clk 00:35:26]} {[%emt
00:01:03]} 21. Bxd5 {[%clk 00:54:51]} {[%emt 00:00:09]} Ne7 {[%clk 00:35:03]}
{[%emt 00:00:52]} 22. Bg2 {[%clk 00:54:46]} {[%emt 00:00:36]} d5 {[%clk
00:29:17]} {[%emt 00:06:17]} 23. bxc5 {[%clk 00:53:44]} {[%emt 00:01:32]} bxc5
{[%clk 00:29:22]} {[%emt 00:00:25]} 24. Rfd1 {[%clk 00:49:44]} {[%emt
00:04:29]} Qe6 {[%clk 00:24:28]} {[%emt 00:05:21]} 25. Rb2 {[%clk 00:46:59]}
{[%emt 00:03:18]} dxc4 {[%clk 00:18:57]} {[%emt 00:06:01]} 26. dxc4 {[%clk
00:47:13]} {[%emt 00:00:16]} e4 {[%clk 00:17:45]} {[%emt 00:01:43]} 27. Bxg7
{[%clk 00:46:55]} {[%emt 00:00:47]} Kxg7 {[%clk 00:15:52]} {[%emt 00:02:24]}
28. Rdb1 {[%clk 00:47:02]} {[%emt 00:00:21]} Qe5 {[%clk 00:12:27]} {[%emt
00:03:54]} 29. Rb5 {[%clk 00:45:35]} {[%emt 00:01:59]} Nc6 {[%clk 00:10:24]}
{[%emt 00:02:32]} 1/2-1/2